|
|
|
|
| LEADER |
00000nam0a2200000 4500 |
| 001 |
297754 |
| 005 |
20231102001034.0 |
| 020 |
|
|
|a RU
|b 84-72075
|
| 035 |
|
|
|a (RuTPU)RU\TPU\book\322888
|
| 090 |
|
|
|a 297754
|
| 100 |
|
|
|a 20150610d1984 km y0rusy5003 ca
|
| 101 |
0 |
|
|a rus
|
| 102 |
|
|
|a MD
|
| 105 |
|
|
|a a z 001zy
|
| 200 |
1 |
|
|a Восстановление деталей машин электрохимическим способом
|e сборник научных статей
|f Академия наук Молдавской ССР (АН МССР), Институт прикладной физики ; под ред. Ю. Н. Петрова
|
| 210 |
|
|
|a Кишинев
|c Штиинца
|d 1984
|
| 215 |
|
|
|a 159 с.
|c ил.
|
| 320 |
|
|
|a Библиогр. в конце ст.
|
| 606 |
1 |
|
|a Детали машин
|x Эксплуатационные качества
|2 stltpush
|3 (RuTPU)RU\TPU\subj\9205
|9 36483
|
| 610 |
1 |
|
|a восстановление
|
| 610 |
1 |
|
|a обработка
|
| 610 |
1 |
|
|a металлы
|
| 610 |
1 |
|
|a электрохимическая обработка
|
| 610 |
1 |
|
|a ремонт
|
| 675 |
|
|
|a 621.81.004
|z rus
|v 3
|
| 702 |
|
1 |
|a Петров
|b Ю. Н.
|g Юрий Николаевич
|4 340
|
| 712 |
0 |
2 |
|a Академия наук Молдавской ССР (АН МССР)
|b Институт прикладной физики
|c (Кишинев)
|2 stltpush
|3 (RuTPU)RU\TPU\col\11347
|
| 801 |
|
0 |
|a RU
|b RuMRKP
|c 19950704
|g psbo
|
| 801 |
|
1 |
|a RU
|b 63413507
|c 20150610
|
| 801 |
|
2 |
|a RU
|b 63413507
|c 20190130
|g RCR
|
| 942 |
|
|
|c BK
|